| 000 | 00486nam a22001817a 4500 | ||
|---|---|---|---|
| 003 | CEME | ||
| 005 | 20210628202730.0 | ||
| 008 | 210204b xxu||||| |||| 00| 0 eng d | ||
| 020 | _a0-471-58579-3 | ||
| 040 | _c. | ||
| 082 | _a620.3 WIR | ||
| 100 |
_aWirsching, Paul H Paez, Thomas L Ortiz, Keith _961308 |
||
| 245 | _aRandom vibrations, theory and practice | ||
| 260 |
_aNEW YORK _bJOHN WILEY _c1995 |
||
| 300 | _aXVI,442P | ||
| 650 |
_aRANDOM VIBRATION _942896 |
||
| 942 |
_cBK _2ddc |
||
| 999 |
_c570805 _d570805 |
||